Singapore business services 2008.
| Format: | Book |
|---|---|
| Published: |
Singapore:
Singapore Information Services,
2008.
|
| Subjects: |
| LEADER | 00516cam a2200157 7i4500 | ||
|---|---|---|---|
| 001 | 0000021668 | ||
| 005 | 20081007090000.0 | ||
| 022 | 0 | 0 | |a 0219-547x |
| 090 | 0 | 0 | |a SING 338.7025 |b SIN |
| 245 | 0 | 0 | |a Singapore business services 2008. |
| 260 | 0 | 0 | |a Singapore: |b Singapore Information Services, |c 2008. |
| 300 | # | # | |a 424 p. |
| 650 | 0 | 0 | |a Business -- |x Directories -- |z Singapore |
| 650 | 0 | 0 | |a Services Industries -- |x Directories -- |z Singapore |
| 651 | 0 | 0 | |a Singapore |
| 999 | |a 0000022918 |b Directories |c Countries |e Business Information Centre | ||